| 000 | 01077cam a22002777a 4500 | ||
|---|---|---|---|
| 999 |
_c14245 _d14245 |
||
| 003 | EG-ScBUE | ||
| 005 | 20200114113101.0 | ||
| 008 | 100628s1993 ua f b 000 0 ara d | ||
| 020 | _a9771034545 | ||
| 040 |
_aEG-ScBUE _bara _erda _cEG-ScBUE _dEG-ScBUE |
||
| 082 | 0 | 4 |
_a892.7090034 _bس ل ا _222 |
| 100 | 1 |
_aسلام، محمد زغلول، _eمؤلف. _915324 |
|
| 245 | 1 | 2 |
_aالأدب في العصر الفاطمي : _bالكتابة والكتاب / _cدكتور محمد زغلول سلام. |
| 264 | 1 |
_aالإسكندرية : _bمنشأة المعارف، _c[1993] |
|
| 300 |
_a522 صفحة ؛ _c23 سم |
||
| 336 |
_2rdacontent _aنص _btxt |
||
| 337 |
_2rdamedia _aبدون وسيط _bn |
||
| 338 |
_2rdacarrier _aمجلد _bnc |
||
| 504 | _aيشتمل على إرجاعات ببليوجرافية. | ||
| 541 |
_aألف باء ؛ _cشراء ؛ |
||
| 590 | _amahmoud sami | ||
| 650 | 7 |
_aالأدب العربي _xتاريخ _y العصر الفاطمي (969-1171 م.) _2BUEsh _915326 |
|
| 653 |
_bGGEN _cJanuary2020 |
||
| 655 | _vReading book | ||
| 942 |
_2ddc _cBB |
||